000 00297nam a2200109Ia 4500
008 200302s9999 xx 000 0 und d
100 _aRamalakshmi R. & Others
245 _aEssays in Architectural Theory and Design
260 _bCept University Press Ahmedabad
260 _c2013
300 _a117 P.,
999 _c3186
_d3186